00166nam a2200073Ia 4500008004100000082001300041100001200054245002600066240331s9999 xx 000 0 und d a294bION aIons, V 0a History of mythology